Nghiên cứu phối tạo công thức pha chế thuốc tiêm đông khô Carboplatin 50mg/1lọ dùng điều trin ung thư

Tổng quan về kỹ thuật đông khô, thuốc tiêm đông khô. Carboplatin, cấu trúc hóa học, tính chất lý hóa. Phương pháp phối tạo công thức thuốc tiêm đông khô carbplatin

Enregistré dans:
Détails bibliographiques
Auteur principal: Lê Ngọc Vinh (Tác giả)
Autres auteurs: Đào Hùng Cường GS.TS. (Người hướng dẫn)
Format: Livre
Langue:Vietnamese
Publié: Đà Nẵng ĐH Đà Nẵng 2011
Sujets:
Tags: Ajouter un tag
Pas de tags, Soyez le premier à ajouter un tag!
Thư viện lưu trữ: Mạng thư viện Đại học Đà Nẵng
LEADER 01541nam a2200361 4500
001 000010495
003 6700
005 20111214091233.0
008 111214s2011 viesd
041 |a vie 
082 |a 615.19  |b LE-V 
100 |a Lê Ngọc Vinh  |e Tác giả 
245 |a Nghiên cứu phối tạo công thức pha chế thuốc tiêm đông khô Carboplatin 50mg/1lọ dùng điều trin ung thư  |c Lê Ngọc Vinh 
260 |a Đà Nẵng  |b ĐH Đà Nẵng  |c 2011 
300 |a 69 tr  |c 29 cm  |e 1 tóm tắt 
500 |a Luận văn Thạc sĩ Khoa học. Chuyên ngành: Hóa hữu cơ. Mã số: 60.44.27 
520 |a Tổng quan về kỹ thuật đông khô, thuốc tiêm đông khô. Carboplatin, cấu trúc hóa học, tính chất lý hóa. Phương pháp phối tạo công thức thuốc tiêm đông khô carbplatin 
653 |a Luận văn 
653 |a Thạc sĩ Khoa học 
653 |a Hóa hữu cơ 
653 |a Đông khô 
653 |a Carboplatin 
700 |a Đào Hùng Cường  |c GS.TS.  |e Người hướng dẫn 
OWN |a LSP 
AVA |a UDN50  |b LSP  |d 615.19 LE-V  |e available  |t Error 5001 Not defined in file expand_doc_bib_avail.  |f 1  |g 0  |h N  |i 0  |k 1 
999 |a From the UDN01 
AVA |a UDN50  |b LSP  |d 615.19 LE-V  |e available  |t Error 5001 Not defined in file expand_doc_bib_avail.  |f 1  |g 0  |h N  |i 0  |k 1 
TYP |a Monograph 
TYP |a Printed language 
980 |a Mạng thư viện Đại học Đà Nẵng